00817nam a2200181 a 4500008004100000020001500041050001500056110003600071245008300107250001200190260002300202300001600225500004100241650002300282995017900305999001700484952013400501120620s1995 ||||||||||||||||| || u a9241401044 aRC 111 Wor aWorld Health Organization (WHO)10aWHO model prescribing information: drugs used in parasitic diseases. (2nd ed.) a2nd ed. aGeneva:bWHOc1995 a146p.: ill. aBlue Trunk Library Collection (WHO). aPARASITIC DISEASES aMEDICAL LIBRARY OPEN ACCESSe743065FCBU-SCHOOL OF MEDICINE LIBRARY (Ndola)jBTL RC 111 Wor (BOX 180)UAVAILABLEWJul 25, 2012y743065ZMedical Library Open Access Collection c33000d33000 00102lcc4070a002b002cMedical Library Open Access Collectiond2022-11-30l0oRC 111 Worp743065r2022-11-30w2022-11-30y002